00865nam a2200253 a 450000100100000000500170001000800410002702000150006804000250008308200180010810000310012624500720015725000120022926000330024130000210027449000360029565000260033165000300035770000340038783000420042104900090046395201220047299900170059400001893820200929165903.0100520s1985 sp a r 000 f spa d a8426411487 aDO-SdBNPbspacBNPHU a853.914bE19n1 aEco, Umbertod1932-91410613aEl nombre de la rosa /cUmberto Eco ; traducción Ricardo Pochtar. a10a ed. aBarcelona :bLúmen,c1985. a607 p. ;c19 cm.1 aPalabra en el Tiempo ;vno. 148 4aNovela italiana94322 4aLiteratura italiana933291 aPochtar, Ricardo,etr.914107 0aPalabra en el Tiempo ;nno.148940755 aBNGR 001054708MOaGRbGRcCTd2010-05-20iLF1l0o853.914 E19np18938-10r2020-06-25w2020-06-25y4ZPréstamo en sala c18456d18456